I know my love
Saved in:
| Main Author: | |
|---|---|
| Other Authors: | |
| Format: | Book |
| Language: | English |
| Published: |
Glasgow :
Collins,
1977
|
| Series: | Collins English Library
|
| Subjects: | |
| Tags: |
Add Tag
No Tags, Be the first to tag this record!
|
MARC
| LEADER | 00000nam a2200000 i 4500 | ||
|---|---|---|---|
| 001 | 1/53312 | ||
| 008 | 980318s1977 eng d | ||
| 020 | |a 0003700925 | ||
| 035 | |l 10027499 | ||
| 040 | |a GR-MY-UA |b gre |e aacr | ||
| 041 | 0 | |a eng | |
| 082 | 0 | |a 428.64 | |
| 100 | 1 | |a Gaskin, Catherine. | |
| 245 | 1 | 0 | |a I know my love / |c Catherine Gaskin ; abridged and edited by: Norah Woollard |
| 260 | |a Glasgow : |b Collins, |c 1977 | ||
| 300 | |a 112 p. | ||
| 490 | 1 | |a Collins English Library | |
| 650 | 0 | 0 | |a English language |v Textbooks for foreign speakers. |
| 650 | 0 | 0 | |a English language |x Readers. |
| 700 | 1 | |a Woollard, Norah. | |
| 830 | 0 | |a Collins English Library | |
| 852 | |a INST |b CHIOS |e 19980318 |h 428.64 GAS |p 005200009664 |q 005200009664 |t BK |y 0 | ||
| 901 | |a BIBL-1998-1 | ||
| 909 | |a Χ |b 053989 | ||